000 00422nam a2200181Ia 4500
008 221030s9999 xx 000 0 und d
020 _a8177585551
041 _aEnglish
082 _a105.23
100 _aL. L. Beck
245 0 _aSystem Software
_cby L. L. Beck, D. Manjula
250 _a3rd
260 _bPearson Edcuation
_aNew Delhi
_c2009
300 _a495
650 _aIT
700 _aD. Manjula
942 _cBK
999 _c9127
_d9127